00689nam a2200241 a 4500001001300000003000900013005001700022008004100039020001000080082001600090100001300106245003300119260003200152300000900184500003500193505002400228650002600252700001300278902000800291942000700299952012800306999001300434nice12345678IN_TiNIC20260116011340.0050524s1932 laha grp 000 0 eng  ac10000a922.97bALI aAli, S A aIqbal His Poetry and Message aLahorebHospital Roadc1932 a304p aincludes index and biblioraphy2 aBibliographt, Index aIqbal Muhammad-Poetry1 aAli, S A bSRS cBK 001040708StackRoom-aHMIbHMId2007-06-05g100.00l1o922.97 ALIp01110r2017-12-08s2017-11-27v100.00w2005-05-24yBK c731d731